| 000 | 00828cam a22002891 4500 | ||
|---|---|---|---|
| 001 | 22104 | ||
| 003 | BD-RjUL | ||
| 005 | 20211209000752.0 | ||
| 008 | 140306r19621951nyua 001 0 eng | ||
| 035 | _a(BD-RjUL)22169 | ||
| 040 |
_aDLC _cDLC _dDLC _dBD-RjUL _beng |
||
| 041 | _aeng | ||
| 082 | 0 | 0 |
_a901 _bCHM 1962 |
| 100 | 1 |
_aChilde, V. Gordon _q(Vere Gordon), _d1892-1957. _934294 |
|
| 245 | 1 | 0 |
_aMan makes himself / _cby V Gordon Childe. |
| 260 |
_aNew York : _bNew American Library, _cc1951 [1962]. |
||
| 300 |
_a192 p. : _billus. ; _c19 cm. |
||
| 490 | 0 | _aA Mentor book, 64 | |
| 504 | _aI | ||
| 650 | 0 |
_aCivilization, Ancient. _934340 |
|
| 650 | 0 |
_aArchaeology. _968241 |
|
| 650 | 0 |
_aPrehistoric peoples. _968242 |
|
| 650 | 0 |
_aProgress. _968243 |
|
| 942 |
_2ddc _cBK |
||
| 999 |
_c22104 _d22104 |
||